zpět

Detail výsledku týmu

Dno pytle - Vinohrady, Praha

Datum a čas kvízu

24 Celkem bodů Celkový počet nahraných bodů na tomto kvízu bez doplňovacích otázek.
5. Pořadí na kvízu Konečné umístění týmu na tomto kvízu.

Zaznamenané odpovědi

# Otázka Odpověď Body Výsledky
1. Šedesátiletý podnikatel, obžal... Antonio Koláček 0
2. Čtvrteční nouzové přistání rus... na kukuřičném poli 0
3. Minulý týden se v Kyjově uskut... Slovácký rok 0
4. Po sedmi letech byla sesazena... Microsoft 1
5. Superpohár UEFA, v němž se vůb... řídila jej rozhodčí 1
6. Téma o slavných zločincích jst... Parkerová, Barrow 0
7. Ve kterém roce došlo k nechval... v roce 2005 1
8. Za co přesně byl Al Capone, je... za krácení daně 1
9. Při pravděpodobně největší lou... Saddám Husajn 0
10. Do historie nejednou zasáhli a... 1D 2C 3B 4A 0